The next decade : (Record no. 593045)

000 -LEADER
fixed length control field 01392cam a2200265 a 4500
001 - CONTROL NUMBER
control field 17136236
005 - DATE AND TIME OF LATEST TRANSACTION
control field 20230128132743.0
008 - FIXED-LENGTH DATA ELEMENTS--GENERAL INFORMATION
fixed length control field 120126r20122011nyub 000 0 eng
010 ## - LIBRARY OF CONGRESS CONTROL NUMBER
LC control number 2011501957
020 ## - INTERNATIONAL STANDARD BOOK NUMBER
International Standard Book Number 9780307476395 (pbk.)
040 ## - CATALOGING SOURCE
Original cataloging agency DLC
Transcribing agency DLC
Modifying agency DLC
042 ## - AUTHENTICATION CODE
Authentication code pcc
050 00 - LIBRARY OF CONGRESS CALL NUMBER
Classification number D863
Item number .F75 2012
082 00 - DEWEY DECIMAL CLASSIFICATION NUMBER
Classification number 909.831,FRI
Edition number 23
100 1# - MAIN ENTRY--PERSONAL NAME
Personal name Friedman, George.
9 (RLIN) 7495
245 14 - TITLE STATEMENT
Title The next decade :
Remainder of title empire and republic in a changing world /
Statement of responsibility, etc. George Friedman.
250 ## - EDITION STATEMENT
Edition statement 1st Anchor books ed.
260 ## - PUBLICATION, DISTRIBUTION, ETC.
Place of publication, distribution, etc. New York :
Name of publisher, distributor, etc. Anchor Books,
Date of publication, distribution, etc. 2012.
300 ## - PHYSICAL DESCRIPTION
Extent xxii, 243 p. :
Other physical details maps ;
Dimensions 20 cm.
505 ## - FORMATTED CONTENTS NOTE
Formatted contents note Introduction Rebalancing America (Page-1), The Unintended Empire (Page-13), Republic Empire and the Machiavellian Pesdiant (Page-30), The Financial Crisis and The Resurgent State (Page-41), Finding the Balance of Power (Page-54), The Tare Trap (Page-70), Pesdiant Policy (Page-84), Strategic Reversal The United States Iran and The Middle East (Page-105), Europe return History (Page-142), Facing Hemisphere (Page-194), Africa a place to leave alone (Page-215), The Technologies and Deographic Imbalance (Pagew-223), The Empire The Republic and Decade (Page-237).
650 #0 - SUBJECT ADDED ENTRY--TOPICAL TERM
Topical term or geographic name entry element World politics
Chronological subdivision 21st century
General subdivision Forecasting.
9 (RLIN) 7498
906 ## - LOCAL DATA ELEMENT F, LDF (RLIN)
a 7
b cbc
c orignew
d 2
e ncip
f 20
g y-gencatlg
942 ## - ADDED ENTRY ELEMENTS (KOHA)
Source of classification or shelving scheme
Koha item type Book
Holdings
Withdrawn status Lost status Source of classification or shelving scheme Damaged status Not for loan Permanent Location Current Location Shelving location Date acquired Total Checkouts Full call number Barcode Date last seen Price effective from Koha item type Public note
          Military College of Signals (MCS) Military College of Signals (MCS) General Stacks 01/28/2023   909.831,FRI MCS37566 01/28/2023 01/28/2023 Book Almirah No.58, Shelf No.5
© 2023 Central Library, National University of Sciences and Technology. All Rights Reserved.